Visualizzazione normale
Vista MARC
- Pigini
di Personal Name
Records bibliografici associati: 1
001 - CONTROL NUMBER
- control field: 12541
003 - CONTROL NUMBER IDENTIFIER
- control field: IT-RoPau
005 - DATE AND TIME OF LATEST TRANSACTION
- control field: 20140207093456.0
008 - FIXED-LENGTH DATA ELEMENTS
- fixed length control field: 140207|| aca||aabn | a|a d
040 ## - CATALOGING SOURCE
- Original cataloging agency: IT-RoPau
- Transcribing agency: IT-RoPau
100 ## - HEADING--PERSONAL NAME
- Personal name: Pigini
- Dates associated with a name: Codice autore testo/musica SPICS: 27693
- Relator term: Autore testo/musica
- Name of part/section of a work: La Balilla - De qua e de là der fiume - Osterie romane
670 ## - SOURCE DATA FOUND
- Source citation: Work cat.: (IT-RoPau)100139: AA.VV. 794, Vecchia Roma-Canzoni popolari romanesche